000 00905nam a2200229Ii 4500
003 JO-AjNU
008 230605s9999||||xx |||||||||||||| ||und||
017 _aد.ر.أ
040 _aJO-AjNU
_bara
_erda
_cJO-AjNU
041 _aara
050 1 4 _aBP10.2011
100 3 _aاعداد القسم السياسي لهيئة علماء المسلمين في العراق,
_eauthor
_964098
245 0 0 _aهيئة علماء المسلمين والمشروع الوطني مع مدخل مهم في مشاريع الانقاذ
250 _aط1
264 3 1 _aعمان: دار الجيل العربي، 2011
300 _a96ص
336 _atext
_btxt
_2rdacontent
337 _aunmediated
_bn
_2rdamedia
338 _avolume
_bnc
_2rdacarrier
490 0 _aسلسلة اصدارات هيئة علماء المسلمين في العراق 21
650 4 _aالحركات الاسلامية-العراق
_964099
999 _aA29110
_c32678
_d32678